000
00351nam a2200169Ia 4500
100
_a
Kulkarni/Parag
650
_a
Big data
942
_c
BK
366
_f
25
654
_a
big data
245
_a
Big Data Analytics
260
_b
Prentice -Hall of India
_c
2016
082
_b
KUL
300
_a
189
546
_a
ENGLISH
_c
electronics
999
_c
33796
_d
33796